000 00432pab a2200169 454500
008 180718b1999 xxu||||| |||| 00| 0 eng d
100 _aSood, Anil K.
245 _aAsset liability management: challenges in implementation
260 _c1999
300 _ap.49-55
362 _aSep
650 _aBanks
650 _aManagement
650 _aAsset liability management
773 _aASCI Journal of Management
909 _a45876
999 _c45876
_d45876